Một số vấn đề về đổi mới phương pháp dạy học ở trường trung học cơ sở môn Toán lớp 7
Tài liệu lưu hành nội bộ; Tài liệu được cấu trúc theo 2 phần: Phần thứ nhất là những vấn đề chung về chương trình, sách giáo khoa và đổi mới PPDH. Phần thứ 2 là một số bài soạn minh họa theo SGK lớp 8...
Gespeichert in:
| 1. Verfasser: | |
|---|---|
| Weitere Verfasser: | |
| Format: | Buch |
| Sprache: | Undetermined |
| Veröffentlicht: |
H.
Giáo duc
2004
|
| Schlagworte: | |
| Online Zugang: | http://lrc.tdmu.edu.vn/opac/search/detail.asp?aID=2&ID=19726 |
| Tags: |
Tag hinzufügen
Keine Tags, Fügen Sie den ersten Tag hinzu!
|
| Thư viện lưu trữ: | Trung tâm Học liệu Trường Đại học Thủ Dầu Một |
|---|
| LEADER | 01209nam a2200217Ia 4500 | ||
|---|---|---|---|
| 001 | TDMU_19726 | ||
| 008 | 210410s9999 xx 000 0 und d | ||
| 082 | |a 371.3 | ||
| 090 | |b PH104 | ||
| 100 | |a Phạm, Gia Đức | ||
| 245 | 0 | |a Một số vấn đề về đổi mới phương pháp dạy học ở trường trung học cơ sở môn Toán lớp 7 | |
| 245 | 0 | |c Phạm Gia Đức...[và những người khác] | |
| 260 | |a H. | ||
| 260 | |b Giáo duc | ||
| 260 | |c 2004 | ||
| 300 | |a 59tr. | ||
| 520 | |a Tài liệu lưu hành nội bộ; Tài liệu được cấu trúc theo 2 phần: Phần thứ nhất là những vấn đề chung về chương trình, sách giáo khoa và đổi mới PPDH. Phần thứ 2 là một số bài soạn minh họa theo SGK lớp 8 | ||
| 650 | |a Toán học |x Phương pháp giảng dạy |x Trung học cơ sở; Đổi mới phương pháp dạy học |x Trung học cơ sở | ||
| 700 | |a Tôn, Thân | ||
| 856 | |u http://lrc.tdmu.edu.vn/opac/search/detail.asp?aID=2&ID=19726 | ||
| 980 | |a Trung tâm Học liệu Trường Đại học Thủ Dầu Một | ||